Instant notes in Chemistry for biologists / (Record no. 480218)
[ view plain ]
| 000 -LEADER | |
|---|---|
| fixed length control field | 01366cam a2200325 a 4500 |
| 001 - CONTROL NUMBER | |
| control field | 4994367 |
| 003 - CONTROL NUMBER IDENTIFIER | |
| control field | ASAB |
| 005 - DATE AND TIME OF LATEST TRANSACTION | |
| control field | 20190411071459.0 |
| 008 - FIXED-LENGTH DATA ELEMENTS--GENERAL INFORMATION | |
| fixed length control field | 990119s2000 enka b 001 0 eng |
| 010 ## - LIBRARY OF CONGRESS CONTROL NUMBER | |
| LC control number | 99017192 |
| 020 ## - INTERNATIONAL STANDARD BOOK NUMBER | |
| International Standard Book Number | 1859962416 |
| 020 ## - INTERNATIONAL STANDARD BOOK NUMBER | |
| International Standard Book Number | 038791563X (softcover : alk. paper) |
| 038 ## - RECORD CONTENT LICENSOR | |
| Staff Name | ASAB |
| 040 ## - CATALOGING SOURCE | |
| Transcribing agency | ASAB |
| 050 00 - LIBRARY OF CONGRESS CALL NUMBER | |
| Classification number | QD41 |
| Item number | .F57 2000 |
| 082 00 - DEWEY DECIMAL CLASSIFICATION NUMBER | |
| Classification number | 572 |
| Edition number | 21 |
| 100 1# - MAIN ENTRY--PERSONAL NAME | |
| Personal name | Fisher, J. |
| Fuller form of name | (Julie) |
| 9 (RLIN) | 14097 |
| 245 10 - TITLE STATEMENT | |
| Title | Instant notes in Chemistry for biologists / |
| Statement of responsibility, etc. | J. Fisher & J.R.P. Arnold. |
| 246 1# - VARYING FORM OF TITLE | |
| Display text | Title on p. [4] of cover: |
| Title proper/short title | Instant notes in chemistry for biologists |
| 260 ## - PUBLICATION, DISTRIBUTION, ETC. | |
| Place of publication, distribution, etc. | Oxford, UK : |
| Name of publisher, distributor, etc. | BIOS Scientific ; |
| Place of publication, distribution, etc. | New York, USA : |
| Name of publisher, distributor, etc. | Distributed exclusively in the U.S. by Springer-Verlag New York, |
| Date of publication, distribution, etc. | 2000. |
| 300 ## - PHYSICAL DESCRIPTION | |
| Extent | ix, 246 p. : |
| Other physical details | ill. ; |
| Dimensions | 25 cm. |
| 440 #4 - SERIES STATEMENT/ADDED ENTRY--TITLE | |
| Title | The instant notes series |
| 9 (RLIN) | 2696 |
| 500 ## - GENERAL NOTE | |
| General note | On label on t.p. verso: ISBN 0-387-91563-X |
| 504 ## - BIBLIOGRAPHY, ETC. NOTE | |
| Bibliography, etc. note | Includes bibliographical references and index. |
| 650 #0 - SUBJECT ADDED ENTRY--TOPICAL TERM | |
| Topical term or geographic name entry element | Chemistry |
| General subdivision | Outlines, syllabi, etc. |
| 9 (RLIN) | 14098 |
| 700 1# - ADDED ENTRY--PERSONAL NAME | |
| Personal name | Arnold, J. R. P. |
| Fuller form of name | (John R. P.) |
| 9 (RLIN) | 14099 |
| 906 ## - LOCAL DATA ELEMENT F, LDF (RLIN) | |
| a | 7 |
| b | cbc |
| c | orignew |
| d | 1 |
| e | ocip |
| f | 19 |
| g | y-gencatlg |
| 942 ## - ADDED ENTRY ELEMENTS (KOHA) | |
| Source of classification or shelving scheme | |
| Koha item type | Book |
| Withdrawn status | Lost status | Source of classification or shelving scheme | Damaged status | Not for loan | Collection code | Permanent Location | Current Location | Date acquired | Total Checkouts | Full call number | Barcode | Date last seen | Price effective from | Koha item type |
|---|---|---|---|---|---|---|---|---|---|---|---|---|---|---|
| Central Library (CL) | Central Library (CL) | 10/21/2016 | 572 FIS | ASAB1914 | 10/21/2016 | 10/21/2016 | Book |
